<?xml version="1.0" encoding="UTF-8"?>
<record
    xmlns:xsi="http://www.w3.org/2001/XMLSchema-instance"
    xsi:schemaLocation="http://www.loc.gov/MARC21/slim http://www.loc.gov/standards/marcxml/schema/MARC21slim.xsd"
    xmlns="http://www.loc.gov/MARC21/slim">

  <leader>01495nam a22002657a 4500</leader>
  <datafield tag="952" ind1=" " ind2=" ">
    <subfield code="0">0</subfield>
    <subfield code="1">0</subfield>
    <subfield code="4">0</subfield>
    <subfield code="7">0</subfield>
    <subfield code="a">01</subfield>
    <subfield code="b">01</subfield>
    <subfield code="d">2018-07-19</subfield>
    <subfield code="l">0</subfield>
    <subfield code="o">070.4 B631d</subfield>
    <subfield code="p">01 014618</subfield>
    <subfield code="r">2018-07-19</subfield>
    <subfield code="t">1</subfield>
    <subfield code="w">2018-07-19</subfield>
    <subfield code="y">LB</subfield>
  </datafield>
  <datafield tag="999" ind1=" " ind2=" ">
    <subfield code="c">103150</subfield>
    <subfield code="d">103150</subfield>
  </datafield>
  <controlfield tag="005">20231102152051.0</controlfield>
  <controlfield tag="008">180719s2006    ag a||||r|||| 00| 0 spa d</controlfield>
  <datafield tag="020" ind1=" " ind2=" ">
    <subfield code="a">9875000947</subfield>
  </datafield>
  <datafield tag="020" ind1=" " ind2=" ">
    <subfield code="a">9789875000940</subfield>
  </datafield>
  <datafield tag="082" ind1=" " ind2="4">
    <subfield code="a">070.4</subfield>
    <subfield code="b">B631d</subfield>
  </datafield>
  <datafield tag="100" ind1="1" ind2=" ">
    <subfield code="a">Boczkowski, Pablo J.</subfield>
    <subfield code="d">autor</subfield>
  </datafield>
  <datafield tag="245" ind1="1" ind2="0">
    <subfield code="a">Digitalizar las noticias</subfield>
    <subfield code="b">: innovaci&#xF3;n en los diarios online</subfield>
    <subfield code="c">/ Pablo J. Boczkowski ; traductor Valeria Bratina</subfield>
  </datafield>
  <datafield tag="260" ind1="3" ind2=" ">
    <subfield code="a">Buenos Aires, Argentina</subfield>
    <subfield code="b">: Manantial</subfield>
    <subfield code="c">, 2006</subfield>
  </datafield>
  <datafield tag="300" ind1=" " ind2=" ">
    <subfield code="a">277 p&#xE1;ginas</subfield>
    <subfield code="b">: ilustraciones</subfield>
  </datafield>
  <datafield tag="500" ind1=" " ind2=" ">
    <subfield code="a">Incluye:
indice tem&#xE1;tico (pp. 275-277)
</subfield>
  </datafield>
  <datafield tag="504" ind1=" " ind2=" ">
    <subfield code="a">bibliograf&#xED;a (pp. 251-276)</subfield>
  </datafield>
  <datafield tag="505" ind1=" " ind2=" ">
    <subfield code="a">- Medios emergentes
- Tiempos de exploraci&#xF3;n y asentamiento: alternativas a la publicaci&#xF3;n impresa en los ochenta y principio de los noventa
- Diversificar para no perder terreno: una red de desaf&#xED;os en la segunda mitad de los a&#xF1;os noventa
- Originalidad mim&#xE9;tica: la selecci&#xF3;n de tecnolog&#xED;a del New York Times on the Web
- Experiencias vicarias: el proyecto viajero virtual de Houston Chronicle.com
- Construcci&#xF3;n distribuida: el proyecto conexi&#xF3;n comunitaria de New Jersey Online
- Cuando &#xE9;ramos gente del medio impreso</subfield>
  </datafield>
  <datafield tag="519" ind1=" " ind2=" ">
    <subfield code="a">Material Complementario /</subfield>
    <subfield code="b">Ciencias de la Comunicaci&#xF3;n /</subfield>
    <subfield code="d">(01 014618)</subfield>
  </datafield>
  <datafield tag="650" ind1="1" ind2="4">
    <subfield code="a">NOTICIAS</subfield>
  </datafield>
  <datafield tag="650" ind1="1" ind2="4">
    <subfield code="a">PERIODISMO EN L&#xCD;NEA</subfield>
  </datafield>
  <datafield tag="650" ind1="1" ind2="4">
    <subfield code="a">MEDIOS DIGITALES</subfield>
  </datafield>
  <datafield tag="700" ind1="1" ind2=" ">
    <subfield code="a">Bratina, Valeria</subfield>
    <subfield code="e">traductora</subfield>
  </datafield>
  <datafield tag="942" ind1=" " ind2=" ">
    <subfield code="c">LB</subfield>
  </datafield>
</record>
